| Tag |
First Indicator |
Second Indicator |
Subfields |
| LEADER |
00000cam a2200000I 4500 |
| 001 |
in00000046815 |
| 005 |
20151007075423.0 |
| 008 |
800613m19589999fr a b 000 0 fre d |
| 035 |
|
|
|a (OCoLC)ocm06418394
|
| 035 |
|
|
|a (OCoLC)06418394
|
| 035 |
|
|
|9 AAF3185AM
|
| 040 |
|
|
|a TXA
|c TXA
|d UtOrBLW
|
| 049 |
|
|
|a TXAM
|
| 090 |
|
|
|a TA350
|b .O89
|
| 092 |
|
|
|a 620.1
|b O95m
|
| 100 |
1 |
|
|a Ouziaux, Roger.
|
| 245 |
1 |
0 |
|a Mécanique appliquée /
|c par R. Ouziaux [et] J. Perrier.
|
| 264 |
|
1 |
|a Paris :
|b Dunod,
|c 1958-
|
| 264 |
|
4 |
|c [©1957]
|
| 300 |
|
|
|a volumes :
|b illustrations ;
|c 25 cm.
|
| 336 |
|
|
|a text
|b txt
|2 rdacontent
|
| 337 |
|
|
|a unmediated
|b n
|2 rdamedia
|
| 338 |
|
|
|a volume
|b nc
|2 rdacarrier
|
| 490 |
1 |
|
|a Bibliothèque de l'enseignement technique
|
| 505 |
0 |
|
|a T. 1. Mécanique des fluides.--t. 2. Thermodynamique.
|
| 504 |
|
|
|a Includes bibliography.
|
| 650 |
|
0 |
|a Mechanics, Applied.
|
| 700 |
1 |
|
|a Perrier, Jean,
|c of Strasbourg.
|
| 740 |
0 |
2 |
|a Mécanique des fluides.
|
| 740 |
0 |
2 |
|a Thermodynamique.
|
| 830 |
|
0 |
|a Bibliothèque de l'enseignement technique.
|
| 949 |
|
|
|a updated
|b h
|c 2005/2/7
|e fpiscitelli
|f 6:51:15 pm
|
| 994 |
|
|
|a E0
|b TXA
|
| 999 |
|
|
|a MARS
|
| 999 |
f |
f |
|s 05b76534-53c6-31e6-b43f-ef3a1af5a46b
|i b0c3551d-8e58-3979-b354-12ce382ba471
|t 0
|
| 952 |
f |
f |
|p ric
|a Texas A&M University
|b Rellis Campus
|c Joint Library Facility
|d Remote Storage
|t 0
|e TA350 .O89
|h Library of Congress classification
|i unmediated -- volume
|k t.1
|m A14801031865
|
| 952 |
f |
f |
|p ric
|a Texas A&M University
|b Rellis Campus
|c Joint Library Facility
|d Remote Storage
|t 0
|e TA350 .O89
|h Library of Congress classification
|i unmediated -- volume
|k t.2
|m A14801031873
|
| 998 |
f |
f |
|a TA350 .O89
|s t.1-t.2
|t 0
|l Remote Storage
|